000 00589nam a22001697a 4500
003 OSt
005 20240619135930.0
008 240619b ||||| |||| 00| 0 eng d
040 _cAIMIT LIBRARY
100 _aKarkera, Darshika J.
_e2116047
_9171214
245 _aAnalysis of factors influencing purchase decision :
_ba special reference to Harsha Mangalore /
_cBy Darshika J Karkera ; Guided by Justine James.
260 _aUdupi
_c2023
650 _aStatement of the problem
_9171215
700 _aJames, Justine.
_eGuide
_9171216
856 _3Prakash Retail Pvt Ltd
942 _2ddc
_cPRO
999 _c231236
_d231236